000 00603nam a2200217 a 4500
001 000031977
003 DO-SdBNP
005 20220811151940.0
007 ta
008 110707s191u dr 000 0 spa d
040 _aDO-SdBNP
_bspa
_cBNPHU
082 _axxx
_bF385l
100 _aFerrer, Fidel
_935022
245 1 0 _aBreves explicaciones del lector dominicano /
_cFidel Ferrer.
246 1 0 _aLector dominicano /
260 _a[La Vega, República Dominicana] :
_b[Progreso],
_c[1911].
300 _a20 p. ;
_c22 cm.
590 _aInventariado, 2022/ YL
910 _aYLockward
942 _2ddc
_cLF2
999 _c31468
_d31468